000 00697nam a2200205Ia 4500
001 13810
003 GE_BSU
008 181216s||||||||xx |||||||||||||| ||und||
040 _cGE_BSU
080 _a637.5
100 _aОчкин,В.А.
245 _aОборудование мясоконсервных заводов и его эксплуатация.
245 _cРед. В.А.Ноздрина.
260 _aМ.
260 _bПищепромиздат.
260 _c1959.
300 _a307 стр. 22 см. с илл. Библиогр.:стр.303.
653 _aОборудование мясоконсервных заводов и его эксплуатация.
942 _cBK
999 _c46956
_d46956